Heilbronner Haltestellen - Statistiken

Allgemein
  • Dieses Quiz wurde 13 mal gespielt
  • Das Durchschnittsergebnis liegt bei 9 aus 107
Antwortstatistiken
Linie Haltestelle Linie Haltestellen Linie Haltestellen % Korrekt
Hauptbahnhof / Willy-Brandt-Platz Derflingerstraße Waiblingerstraße
70%
Hauptbahnhof/ Willy-Brandt-Platz Containerterminal Hallenbad/ Bildungscampus Ost
70%
Hauptbahnhof/ Willy-Brandt-Platz Maustal Haselter
70%
Harmonie Grünewaldschule Dittmarstraße
60%
Harmonie Albertistraße Europaplatz/ Bildungscampus West
60%
Harmonie Grünewaldschule Etzelstraße
60%
Allee Post Schlupf Schollenhalde
50%
Allee Post Wilhelm-Leuschner-Straße Europaplatz/ Bildungscampus West
50%
Rathaus Konradsberg Sandhof
50%
Pfühlpark Ackermann Pestalozzistraße
30%
Trappensee Staufenbergstraße Käferflug
30%
Berliner Platz Feurerstraße Fügerstraße
20%
Berliner Platz Derflingerstraße Industrieplatz
20%
Europaplatz/ Bildungscampus West Milchhof Zukunftspark
20%
Europaplatz/ Bildungscampus West Buchenhof Fiat
20%
Rampachertal Jäkleinstraße Ost/West Berliner Platz
20%
Ackermann Cäcilienstraße Ost/West Südbahnhof
10%
Friedrichstraße West/Ost Maasstraße Badener Straße
10%
Friedrichstraße West/Ost Neckarturm am Kurt-Schumacher-Platz Hauptbahnhof/ Willy-Brandt-Platz
10%
Linie 5 Industrieplatz Mühlrainstraße Freibad Gesundbrunnen
10%
Jägerhaus Sontheim Friedhof Wartbergsteige
10%
Karlsruherstraße Elly-Heuss-Knapp-Gymnasium Winzerstraße
10%
Karlsruherstraße Zukunftspark Berliner Platz
10%
Karlsruher Straße Weirachstraße LebensWerkstatt
10%
Karmeliterstraße Sonnenbrunnen/ Eisenbahnmuseum Friedhof
10%
Schillerstraße Friedrichstraße Ost/West Mönchseestraße
10%
Schlüsseläcker Wannenäcker A.-Dürer-Schule
10%
Sonnenbrunnen/ Eisenbahnmuseum F.-Geyer-Straße Gemmingstal
10%
Sonnenbrunnen/ Eisenbahnmuseum Hauptbahnhof/ Willy-Brandt-Platz Neckarturm am Kurt-Schumacher-Platz
10%
Theresienwiese Schanz Nord Löwensteinerstraße
10%
Theresienwiese Hafenamt Harmonie
10%
Theresienwiese Finkenbergstraße BSZ Haselter
10%
1 Waldheide 2 Hochschule HN Campus Sontheim Linie 11 Schickhardstraße
10%
Westfriedhof Wannenäckerstraße Sachsenäcker
10%
Wilhelm-Leuschner-Straße Buchenhof Fichtestraße
10%
Wilhelm-Leuschner-Straße Theresienstraße Rathaus
10%
Wilhelm-Leuschner-Straße Hallenbad/Friedhof Friedrichstraße West/Ost
10%
Bahnhof Sontheim Allee Post Südstraße West/Ost
0%
Bruchsalerstraße Sommerhöhe Spitzwegstraße
0%
Bruchsalerstraße Stadtgärtnerei Neckarau
0%
Cäcilienstraße West/Ost Theresienwiese Hallenbad/ Bildungscampus Ost
0%
Einsteinstraße Hofgartenstraße Neckarsulmerstraße
0%
Etzelstraße Neckarau P.-Bruckmann-Brücke
0%
Felsenstraße Böpple Brünnlesstraße
0%
F.-Geyer-Straße Burgunderstraße Kelter
0%
Frankenbach Maihalde Rathaus Hofgartenstraße
0%
Frankenbach Rathaus Linien 61/62/64 Gänsäcker Lutzstraße
0%
Freibad Gesundbrunnen Römerstraße Westfriedhof
0%
Freibad Gesundbrunnen Schlupf Dieselstraße
0%
Fügerstraße Leintalstraße Imlinstraße
0%
Gildenstraße Neckarturm am Kurt-Schumacher-Platz Allee Post
0%
Linien 41/42 Güldensteinstraße Hochschule HN Campus Sontheim Bahnhof Sontheim
0%
Hallenbad/ Bildungscampus Ost Böllinger Straße Wohlgelegen
0%
Hallenbad/ Bildungscampus Ost Schanz Nord Brüggemannstraße
0%
Hans-Sachs-Straße Hahnenäckerstraße Seestraße West/Ost
0%
Linie 10 Herbert-Hoover-Siedlung Derflingerstraße Rathaus
0%
Herbert-Hoover-Straße Elly-Heuss-Knapp-Gymnasium Neckarturm am Kurt-Schumacher-Platz
0%
Hofgartenstraße Südstraße Ost/West Rosenberg
0%
Hohenstaufenstraße West/Ost Schanz Nord Hauptbahnhof/ Willy-Brandt-Platz
0%
Im Fleischbeil West Palmstraße
0%
Im Fleischbeil West Konradsberg Lichtenbergstraße
0%
Jäkleinstraße West/Ost Freibad Gesundbrunnen
0%
Jäkleinstraße West/Ost Wilhelm-Leuschner-Straße
0%
Kappelfeldle Im Fleischbeil West Linie 12 Im Falter
0%
Karlstor Schuchmannstraße Ost/West Allee Post
0%
Kastanienweg Talheimerstraße Sontheim Friedhof
0%
Kastanienweg Hausenerstraße Böllingerstraße
0%
Kinderklinik Hammerschmiede Wagenburgstraße
0%
Kinderklinik Schlossstraße Salzgrund
0%
Klinikum HN Schlegelgrund Linien 30/31/32/33 Stauwehrhalle
0%
Klinikum HN Carl-Zeiss-Straße Süd Großkraftwerk
0%
Kraichgauplatz Haigernstraße Raidweg
0%
Kraichgauplatz (Ende/Beginn Linie 61) Wimpfener Weg Milchhof
0%
Kreuzgrund Heilbronnerstraße Staufenbergstraße
0%
Landgraben Falterstraße
0%
Landwehrstraße F.-Lehar-Straße Schuchmannstraße West/Ost
0%
Leintalstraße Gutedel
0%
Maasstraße Gemeindehalle Möwenstraße
0%
Maasstraße Schlossplatz Feuerstraße
0%
Mittlerer Weg Im Förstle Heuchelbergstraße
0%
Mönchseestraße Maihalde Gründwaldschule
0%
Neckarturm am Kurt-Schumacher-Platz Carl-zeiss-Straße Süd Helmholtzstraße
0%
P.-Bruckmann-Brücke (Ende/Beginn Linie 61) Maihailde Rötelstraße
0%
Pfühlbrunnen Seestraße Ost/West Harmonie
0%
Raidweg Hessenhof Gildenstraße
0%
Rosenberg (Ende/Beginn Linie 64) --> Hauptbahnhof/ Willy-Brandt-Platz Harmonie
0%
Saarlandstraße Wimpfener Straße Ziegeleipark
0%
Saarlandstraße Schultheiß-Hammer-Straße Wimpfenerstraße
0%
Schanz Süd Max-von-Laue-Straße Güldensteinstraße
0%
Schanz Süd Briefverteilzentrum Böllinger Mühle
0%
Schlossweg Briefverteilzentrum Römerstraße
0%
Schmidbergstraße West/Ost Buchenhof Karlsruherstraße
0%
Schuchmannstraße West/Ost Kinderklinik Badener Hof
0%
Schuchmannstraße West/Ost Karlsruher Straße Theresienstraße
0%
Seestraße West/Ost Klinikum HN Sülmertor
0%
Seestraße West/Ost Theresienwiese Hafenamt
0%
Siebenmorgenweg Familie Leitz Liebermannstraße
0%
Silcherplatz West/Ost Frankenbach Rathaus Wilhelm-Leuschner-Straße
0%
Sontheim Friedhof Beethovenstraße Besigheimerstraße
0%
Spitzwegstraße Schwabenhof Wertwiesen
0%
Staufenbergstraße Südbahnhof Liebigstraße
0%
Stuttgarter Brücke Leintalstraße Theresienwiese
0%
Südstraße West/Ost Karlsruherstraße Berliner Platz
0%
Tränkgasse Linie 8 Stadtgärtnerei Länderlesstraße
0%
W. -Blos-Straße Bahnhof Sontheim Gartenstraße
0%
Wertwiesen Rathaus Cäcilienstraße West/Ost
0%
Wohlgelegen Frankenbach Rathaus Läpple
0%
Keine übereinstimmenden Quizze gefunden
Verteilung der Resultate
Anzahl Personen mit jedem Resultat
Perzentil nach korrekt beantworteten Fragen
Ihre Resultats-Entwicklung
Sie haben dieses Quiz noch nicht gespielt